Claiming Lincoln : (Record no. 4128)
[ view plain ]
| 000 -LEADER | |
|---|---|
| fixed length control field | 02005nam a2200433 i 4500 |
| 001 - CONTROL NUMBER | |
| control field | ebr10950066 |
| 003 - CONTROL NUMBER IDENTIFIER | |
| control field | CaPaEBR |
| 006 - FIXED-LENGTH DATA ELEMENTS--ADDITIONAL MATERIAL CHARACTERISTICS--GENERAL INFORMATION | |
| fixed length control field | m o d |
| 007 - PHYSICAL DESCRIPTION FIXED FIELD--GENERAL INFORMATION | |
| fixed length control field | cr cn||||||||| |
| 008 - FIXED-LENGTH DATA ELEMENTS--GENERAL INFORMATION | |
| fixed length control field | 141015t20112011ilu ob 001 0 eng d |
| 020 ## - INTERNATIONAL STANDARD BOOK NUMBER | |
| Cancelled/invalid ISBN | 9780875804354 |
| International Standard Book Number | 9781609090166 (e-book) |
| 040 ## - CATALOGING SOURCE | |
| Original cataloging agency | CaPaEBR |
| Language of cataloging | eng |
| Description conventions | rda |
| -- | pn |
| Transcribing agency | CaPaEBR |
| 035 ## - SYSTEM CONTROL NUMBER | |
| System control number | (OCoLC)893673741 |
| 043 ## - GEOGRAPHIC AREA CODE | |
| Geographic area code | n-us--- |
| 050 14 - LIBRARY OF CONGRESS CALL NUMBER | |
| Classification number | E176 |
| Item number | .J585 2011eb |
| 082 04 - DEWEY DECIMAL CLASSIFICATION NUMBER | |
| Classification number | 352.23/90973 |
| Edition number | 22 |
| 100 1# - MAIN ENTRY--PERSONAL NAME | |
| Personal name | Jividen, Jason R., |
| Relator term | author. |
| 245 10 - TITLE STATEMENT | |
| Title | Claiming Lincoln : |
| Remainder of title | progressivism, equality, and the battle for Lincoln's legacy in Presidential rhetoric / |
| Statement of responsibility, etc | Jason R. Jividen ; Shaun Allshouse, design. |
| 264 #1 - PRODUCTION, PUBLICATION, DISTRIBUTION, MANUFACTURE, AND COPYRIGHT NOTICE | |
| Place of production, publication, distribution, manufacture | DeKalb, Illinois : |
| Name of producer, publisher, distributor, manufacturer | Northern Illinois University Press, |
| Date of production, publication, distribution, manufacture, or copyright notice | 2011. |
| Date of production, publication, distribution, manufacture, or copyright notice | �2011 |
| 300 ## - PHYSICAL DESCRIPTION | |
| Extent | 1 online resource (243 pages) |
| 336 ## - CONTENT TYPE | |
| Content type term | text |
| Source | rdacontent |
| 337 ## - MEDIA TYPE | |
| Media type term | computer |
| Source | rdamedia |
| 338 ## - CARRIER TYPE | |
| Carrier type term | online resource |
| Source | rdacarrier |
| 504 ## - BIBLIOGRAPHY, ETC. NOTE | |
| Bibliography, etc | Includes bibliographical references and index. |
| 588 ## - SOURCE OF DESCRIPTION NOTE | |
| Source of description note | Description based on print version record. |
| 590 ## - LOCAL NOTE (RLIN) | |
| Local note | Electronic reproduction. Palo Alto, Calif. : ebrary, 2014. Available via World Wide Web. Access may be limited to ebrary affiliated libraries. |
| 600 10 - SUBJECT ADDED ENTRY--PERSONAL NAME | |
| Personal name | Lincoln, Abraham, |
| Dates associated with a name | 1809-1865 |
| General subdivision | Influence. |
| 650 #0 - SUBJECT ADDED ENTRY--TOPICAL TERM | |
| Topical term or geographic name as entry element | Presidents |
| Geographic subdivision | United States |
| General subdivision | History. |
| Topical term or geographic name as entry element | Presidents |
| Geographic subdivision | United States |
| General subdivision | Language |
| -- | History. |
| Topical term or geographic name as entry element | Rhetoric |
| General subdivision | Political aspects |
| Geographic subdivision | United States |
| General subdivision | History. |
| Topical term or geographic name as entry element | Political oratory |
| Geographic subdivision | United States |
| General subdivision | History. |
| 655 #0 - INDEX TERM--GENRE/FORM | |
| Genre/form data or focus term | Electronic books. |
| 700 1# - ADDED ENTRY--PERSONAL NAME | |
| Personal name | Allshouse, Shaun , |
| Relator term | designer. |
| 776 08 - ADDITIONAL PHYSICAL FORM ENTRY | |
| Display text | Print version: |
| Main entry heading | Jividen, Jason R. |
| Title | Claiming Lincoln : progressivism, equality, and the battle for Lincoln's legacy in Presidential rhetoric. |
| Place, publisher, and date of publication | DeKalb, Illinois : Northern Illinois University Press, c2011 |
| Physical description | 233 pages |
| International Standard Book Number | 9780875804354 |
| Record control number | 2010037739 |
| 797 2# - LOCAL ADDED ENTRY--CORPORATE NAME (RLIN) | |
| Corporate name or jurisdiction name as entry element | ebrary. |
| 856 40 - ELECTRONIC LOCATION AND ACCESS | |
| Uniform Resource Identifier | <a href="http://site.ebrary.com/lib/rucke/Doc?id=10950066">http://site.ebrary.com/lib/rucke/Doc?id=10950066</a> |
| Public note | An electronic book accessible through the World Wide Web; click to view |
No items available.
